<?xml version="1.0" encoding="UTF-8"?>
<record
    xmlns:xsi="http://www.w3.org/2001/XMLSchema-instance"
    xsi:schemaLocation="http://www.loc.gov/MARC21/slim http://www.loc.gov/standards/marcxml/schema/MARC21slim.xsd"
    xmlns="http://www.loc.gov/MARC21/slim">

  <leader>01736nam a22001697a 4500</leader>
  <controlfield tag="008">150518b        xxu||||| |||| 00| 0 eng d</controlfield>
  <datafield tag="050" ind1=" " ind2=" ">
    <subfield code="a">KD674.S64</subfield>
  </datafield>
  <datafield tag="100" ind1=" " ind2=" ">
    <subfield code="a">Megarry, R. E.</subfield>
  </datafield>
  <datafield tag="245" ind1=" " ind2=" ">
    <subfield code="a">Snell's principles of equity. /</subfield>
    <subfield code="c">R. E. Megarry &amp; P. V. Baker.</subfield>
  </datafield>
  <datafield tag="250" ind1=" " ind2=" ">
    <subfield code="a">26th ed.</subfield>
  </datafield>
  <datafield tag="260" ind1=" " ind2=" ">
    <subfield code="a">London: </subfield>
    <subfield code="b">Sweet  &amp; Maxwell,</subfield>
    <subfield code="c">1966.</subfield>
  </datafield>
  <datafield tag="300" ind1=" " ind2=" ">
    <subfield code="a">clxvii, 768p. :</subfield>
    <subfield code="c">23cm.</subfield>
  </datafield>
  <datafield tag="500" ind1=" " ind2=" ">
    <subfield code="a">Includes index.</subfield>
  </datafield>
  <datafield tag="505" ind1=" " ind2=" ">
    <subfield code="a">Contents: Introduction -- Equity and equities: The Nature, History and Courts of equity -- Equities -- The Maxims of equity -- Priorities -- Assignment of choses in action -- Trusts: Definition and classification of trusts -- Express private trusts -- Express public( or charitable) trusts -- Implied or resulting trusts -- Constructive trusts -- Appointment, retirement and removal of trustees -- Breach of trust -- Administration of assets: Introduction -- Collection and realisation of assets -- Payment of debts -- Distribution of the assets -- Remedies -- Legacies -- Donationes mortis causa -- Securities: Nature of mortgages -- Rights of the parties -- Remedies of the mortgagee -- Discharge of mortgages -- Priorities of mortgages -- Limitation of mortgages -- Equitable mortgages and charges -- Mortgages of pure personality -- Pledges -- Liens -- Suretyship -- The Equitable doctrines: Conversion -- Reconversion -- Election -- Performance -- Satisfaction -- The Equitable protection: Married women -- Infants -- Persons of unsound mind -- Penalties and forfeitures -- Accident -- Fraud -- Equitable estoppel -- Equitable remedies: Specific performance -- Rescission -- Delivery up and cancellation of documents -- Rectification -- Account -- Injunction -- Receivers.</subfield>
  </datafield>
  <datafield tag="700" ind1=" " ind2=" ">
    <subfield code="a">Baker, P. V.</subfield>
  </datafield>
  <datafield tag="942" ind1=" " ind2=" ">
    <subfield code="2">lcc</subfield>
    <subfield code="c">BK</subfield>
  </datafield>
  <datafield tag="999" ind1=" " ind2=" ">
    <subfield code="c">5516</subfield>
    <subfield code="d">13016</subfield>
  </datafield>
  <datafield tag="952" ind1=" " ind2=" ">
    <subfield code="0">0</subfield>
    <subfield code="1">0</subfield>
    <subfield code="2">lcc</subfield>
    <subfield code="4">0</subfield>
    <subfield code="7">0</subfield>
    <subfield code="a">WIUC-1</subfield>
    <subfield code="b">WIUC-1</subfield>
    <subfield code="c">LL</subfield>
    <subfield code="d">2015-05-18</subfield>
    <subfield code="l">0</subfield>
    <subfield code="o">KD674.S64</subfield>
    <subfield code="p">110/15</subfield>
    <subfield code="r">2015-05-18 00:00:00</subfield>
    <subfield code="w">2015-05-18</subfield>
    <subfield code="y">BK</subfield>
  </datafield>
</record>
